Practical pediatric gastrointestinal endoscopy (Record no. 33754)

MARC details
000 -LEADER
fixed length control field 00532nam a2200181Ia 4500
020 ## - INTERNATIONAL STANDARD BOOK NUMBER
ISBN 9781405131934
050 ## - CALL MARK
Classification number RJ 446 .G47/
100 ## - STATEMENT OF RESPONSIBILITY--MAIN AUTHOR NAME
Personal name Gershman, George.
245 #0 - TITLE STATEMENT
Title Practical pediatric gastrointestinal endoscopy
260 ## - PUBLICATION, DISTRIBUTION, ETC. (IMPRINT)
Place of publication Malden
260 ## - PUBLICATION, DISTRIBUTION, ETC. (IMPRINT)
Name of publisher Blackwell Pub.
260 ## - PUBLICATION, DISTRIBUTION, ETC. (IMPRINT)
Year of publication 2007
300 ## - PHYSICAL DESCRIPTION
Number of Pages 208 p
650 ## - SUBJECT ADDED ENTRY--TOPICAL TERM
Topical Term Pediatric gastroenterology_Endoscopic surgery. Endoscopy, Gastrointestinal. Pediatrics_methods. Child.
942 ## - ADDED ENTRY ELEMENTS (KOHA)
Koha item type Books
Holdings
Withdrawn status Lost status Source of classification or shelving scheme Damaged status Not for loan Permanent Location Current Location Date acquired Accession Number Price effective from Koha item type
    Library of Congress Classification     NILE UNIVERSITY OF NIGERIA - MAIN LIBRARY NILE UNIVERSITY OF NIGERIA - MAIN LIBRARY 04/23/2025 0000168 04/23/2025 Books